Catalog

Record Details

Catalog Search



The problem with problems / Rachel Rooney ; ... Read More

Rooney, Rachel,(author.).
Hicks, Zehra,(illustrator.).

Available copies

  • 1 of 2 copies available at LARL/NWRL Consortium.
  • 1 of 2 copies available at Lake Agassiz Regional Library. (Show preferred library)

Current holds

0 current holds with 2 total copies.

Show Only Available Copies
Location Call Number / Copy Notes Barcode Shelving Location Status Due Date
Crookston Public Library E R (Text) 33500013258892 Main Available -
Moorhead Public Library E R (Text) 33500013256979 Main Checked out 07/09/2026

Record details

  • ISBN: 9780593173176
  • ISBN: 0593173171
  • Physical Description: 1 volume : chiefly color illustrations ; 27 cm.
  • Publisher: New York : Rodale Kids, 2020.

Content descriptions

General Note:
Originally published by London : Andersen Press, 2020.
Summary, etc.:
Have you ever met a Problem? They come in all ... Read More
Target Audience Note:
Preschool.
Subject: Problem solving > Juvenile fiction.
Genre: Stories in rhyme.
Picture books.
LDR 01276cam a2200337Ii 4500
001347720
003LARL_NWRL_CONSORTIUM
00520200618194312.0
008200421t20202020nyua a 000 1 eng d
040 . ‡aTOH ‡beng ‡cTOH ‡dTDS ‡dOCLCO
020 . ‡a9780593173176
020 . ‡a0593173171
035 . ‡a(OCoLC)1152975357
1001 . ‡aRooney, Rachel, ‡eauthor.
24514. ‡aThe problem with problems / ‡cRachel Rooney ; illustrated by Zehra Hicks.
264 1. ‡aNew York : ‡bRodale Kids, ‡c2020.
264 4. ‡c©2020.
300 . ‡a1 volume : ‡bchiefly color illustrations ; ‡c27 cm.
336 . ‡atext ‡btxt ‡2rdacontent
336 . ‡astill image ‡bsti ‡2rdacontent
337 . ‡aunmediated ‡bn ‡2rdamedia
338 . ‡avolume ‡bnc ‡2rdacarrier
500 . ‡aOriginally published by London : Andersen Press, 2020.
520 . ‡aHave you ever met a Problem? They come in all shapes and sizes, and can pop up at the most inconvenient times. But you should know some things about them that will help you make them disappear...
521 . ‡aPreschool.
650 0. ‡aProblem solving ‡vJuvenile fiction.
655 7. ‡aStories in rhyme. ‡2lcgft
655 7. ‡aPicture books. ‡2lcgft
7001 . ‡aHicks, Zehra, ‡eillustrator.
901 . ‡a347720 ‡bOCoLC ‡c347720 ‡tbiblio ‡soclc

Additional Resources